THE GENTICAL THEORY OF NATURAL SELECTION (Record no. 569498)

000 -LEADER
fixed length control field 00254nam a22001097a 4500
082 ## - DEWEY DECIMAL CLASSIFICATION NUMBER
Classification number 575.5 FIS'G
100 ## - MAIN ENTRY--PERSONAL NAME
Personal name FISHER, R.A
9 (RLIN) 59548
245 ## - TITLE STATEMENT
Title THE GENTICAL THEORY OF NATURAL SELECTION
260 ## - PUBLICATION, DISTRIBUTION, ETC.
Place of publication, distribution, etc. NEWYORK
Name of publisher, distributor, etc. DORER
Date of publication, distribution, etc. 1958
300 ## - PHYSICAL DESCRIPTION
Extent 291P
942 ## - ADDED ENTRY ELEMENTS (KOHA)
Koha item type Book
Holdings
Withdrawn status Lost status Damaged status Not for loan Permanent Location Current Location Shelving location Date acquired Total Checkouts Full call number Barcode Date last seen Price effective from Koha item type
        College of Electrical & Mechanical Engineering (CEME) College of Electrical & Mechanical Engineering (CEME) General Stacks 07/18/2017   575.5 FIS'G CEME-1668 06/28/2021 06/28/2021 Book
© 2023 Central Library, National University of Sciences and Technology. All Rights Reserved.